Práctica quirúrgica (Record no. 34047)

MARC details
000 -LEADER
campo de control de longitud fija 00637nam a2200157 i 4500
001 - NÚMERO DE CONTROL
campo de control 34047
003 - IDENTIFICADOR DE NÚMERO DE CONTROL
campo de control ES-MaACL
007 - CAMPO FIJO DE DESCRIPCIÓN FÍSICA--INFORMACIÓN GENERAL
campo de control de longitud fija t|
008 - DATOS DE LONGITUD FIJA--INFORMACIÓN GENERAL
campo de control de longitud fija 030204s1947 ag ||||1| spa d
100 1# - ENTRADA PRINCIPAL--NOMBRE DE PERSONA
Nombre de persona Blanco Acevedo, Eduardo.
9 (RLIN) 29214
245 10 - MENCIÓN DEL TÍTULO
Título Práctica quirúrgica
Resto del título : simposio sobre equinococosis /
Mención de responsabilidad, etc. bajo la dirección de Eduardo Blanco Acevedo ; con la colaboración de Velarde Pérez Fontana... [et al.].
260 ## - PUBLICACIÓN, DISTRIBUCIÓN, ETC.
Lugar de publicación, distribución, etc. Buenos Aires :
Nombre del editor, distribuidor, etc. Edit. Médico-quirúrgica,
Fecha de publicación, distribución, etc. [1947] (
Lugar de fabricación/manufactura Montevideo :
Fabricante La Industrial)
300 ## - DESCRIPCIÓN FÍSICA
Extensión 338 p., 10 lám. :
Otras características físicas il. ;
Dimensiones 24 cm.
700 1# - ENTRADA AGREGADA--NOMBRE PERSONAL
Nombre de persona Pérez Fontana, Velarde.
9 (RLIN) 90865
852 ## - LOCALIZACIÓN
Ubicación ES-MaACL
Número de control de estantería E-2328
Sublocalización o colección R.24049
Holdings
Estatus retirado Estado de pérdida Estado de daño No para préstamo Biblioteca de origen Biblioteca actual Ubicación en estantería Fecha de adquisición Fuente de adquisición Total de préstamos Signatura topográfica completa Código de barras Visto por última vez Precio de reemplazo Tipo de ítem Koha
        Biblioteca del Ateneo de Madrid Biblioteca del Ateneo de Madrid Depósito 2 17/01/2008     E-2328 1035492 23/02/2023 23/02/2023 Libro impreso